Normal view
MARC view
Entry Topical Term
001 - CONTROL NUMBER
- control field: 17219
003 - CONTROL NUMBER IDENTIFIER
- control field: OSt
005 - DATE AND TIME OF LATEST TRANSACTION
- control field: 20151028153336.0
008 - FIXED-LENGTH DATA ELEMENTS
- fixed length control field: 151028|| aca||aabn | a|a d
040 ## - CATALOGING SOURCE
- Original cataloging agency: OSt
- Transcribing agency: OSt
150 ## - HEADING--TOPICAL TERM
- Topical term or geographic name entry element: Trade
670 ## - SOURCE DATA FOUND
- Source citation: Work cat.: (OSt)44652: Mohnot, Dr. S. R 11694, Market Forecasts And Indicators, October 2009









